| 000 | 00628nam a2200241Ia 4500 | ||
|---|---|---|---|
| 003 | OSt | ||
| 005 | 20220918223836.0 | ||
| 006 | a|||||r|||| 00| 0 | ||
| 007 | ta | ||
| 008 | 220917b |||||||| |||| 00| 0 eng d | ||
| 024 | _a225,394 | ||
| 037 | _cTextual | ||
| 040 |
_aARTS _cARTS _beng |
||
| 041 |
_2eng _aeng |
||
| 082 | _aO111,3NMA, P1 | ||
| 100 |
_aMartel Yann _9146765 |
||
| 245 | 0 |
_aLife of Pi _b A novel |
|
| 260 |
_aNew Delhi _bPenguin books _c2001 |
||
| 300 |
_axii, 319p _ccm. |
||
| 650 | _aENGLISH LITERATURE | ||
| 942 |
_hO111,3NMA, P1 _cTEXL _2CC |
||
| 999 |
_c279579 _d279579 |
||